| 000 | 00729cab a2200169 4500 | ||
|---|---|---|---|
| 001 | L130388 | ||
| 008 | 050722n2005 000 0 eng u | ||
| 035 | _a(Sirsi) u130388 | ||
| 041 | _aeng | ||
| 245 | _aBenchmark: new orders - May 2005 | ||
| 260 | _c2005 | ||
| 490 |
_aContract Journal _v429(6533) 13 July 2005, 11(1) |
||
| 520 | _aDTI figures show that new construction orders increased 15% from March to May 2005, rising from £9.9bn for the same period in 2004 to £11.4bn. However this hides a decline in other public orders of 20%. Infrastructure and private industrial orders showed rises of 66% and 118% respectively. Tables. | ||
| 590 | _aIKA020805 | ||
| 690 | _aBUILT ENVIRONMENT-CONSTRUCTION MARKET | ||
| 942 | _n0 | ||
| 999 |
_c75590 _d75590 |
||